<?xml version="1.0" encoding="UTF-8"?><?xml-stylesheet type="text/xsl" href="static/style.xsl"?><OAI-PMH xmlns="http://www.openarchives.org/OAI/2.0/" xmlns:xsi="http://www.w3.org/2001/XMLSchema-instance" xsi:schemaLocation="http://www.openarchives.org/OAI/2.0/ http://www.openarchives.org/OAI/2.0/OAI-PMH.xsd"><responseDate>2026-06-02T01:13:05Z</responseDate><request verb="GetRecord" identifier="oai:riubu.ubu.es:10259/6512" metadataPrefix="marc">https://riubu.ubu.es/oai/request</request><GetRecord><record><header><identifier>oai:riubu.ubu.es:10259/6512</identifier><datestamp>2024-05-13T06:58:33Z</datestamp><setSpec>com_10259.4_103</setSpec><setSpec>com_10259.4_1</setSpec><setSpec>com_10259_2604</setSpec><setSpec>col_10259_6504</setSpec></header><metadata><record xmlns="http://www.loc.gov/MARC21/slim" xmlns:doc="http://www.lyncode.com/xoai" xmlns:xsi="http://www.w3.org/2001/XMLSchema-instance" xmlns:dcterms="http://purl.org/dc/terms/" xsi:schemaLocation="http://www.loc.gov/MARC21/slim http://www.loc.gov/standards/marcxml/schema/MARC21slim.xsd">
<leader>00925njm 22002777a 4500</leader>
<datafield tag="042" ind1=" " ind2=" ">
<subfield code="a">dc</subfield>
</datafield>
<datafield tag="720" ind1=" " ind2=" ">
<subfield code="a">Ruiz Vélez, Ignacio</subfield>
<subfield code="e">author</subfield>
</datafield>
<datafield tag="260" ind1=" " ind2=" ">
<subfield code="c">2017</subfield>
</datafield>
<datafield tag="520" ind1=" " ind2=" ">
<subfield code="a">Exponemos recuerdos y anécdotas de algunos alumnos&#xd;
que cursaron los estudios de bachillerato en el Instituto de Burgos&#xd;
durante la década de 1940. Estos alumnos tienen ahora una edad&#xd;
dentro de los 80 años. El objetivo de este estudio es analizar la evolución&#xd;
del sistema educativo en Burgos durante los últimos 60 años.</subfield>
</datafield>
<datafield tag="520" ind1=" " ind2=" ">
<subfield code="a">In this document, we capture some memories and anecdotes&#xd;
of secondary students of “El Instituto de Burgos” during the&#xd;
1940s. Nowadays, these students are in their eighties. The aim of this&#xd;
study is to analyze the evolution of the education system during the&#xd;
last 60 years in Burgos.</subfield>
</datafield>
<datafield tag="024" ind2=" " ind1="8">
<subfield code="a">0211-8998</subfield>
</datafield>
<datafield tag="024" ind2=" " ind1="8">
<subfield code="a">http://hdl.handle.net/10259/6512</subfield>
</datafield>
<datafield ind1=" " ind2=" " tag="653">
<subfield code="a">Instituto</subfield>
</datafield>
<datafield ind1=" " ind2=" " tag="653">
<subfield code="a">Bachillerato</subfield>
</datafield>
<datafield ind1=" " ind2=" " tag="653">
<subfield code="a">Hace 50-60 años</subfield>
</datafield>
<datafield ind1=" " ind2=" " tag="653">
<subfield code="a">Recuerdos</subfield>
</datafield>
<datafield ind1=" " ind2=" " tag="653">
<subfield code="a">School</subfield>
</datafield>
<datafield ind1=" " ind2=" " tag="653">
<subfield code="a">High school</subfield>
</datafield>
<datafield ind1=" " ind2=" " tag="653">
<subfield code="a">50-60 years ago</subfield>
</datafield>
<datafield ind1=" " ind2=" " tag="653">
<subfield code="a">Memories</subfield>
</datafield>
<datafield tag="245" ind1="0" ind2="0">
<subfield code="a">Instituto de Burgos: testimonios de algunos alumnos de la década de 1940</subfield>
</datafield>
</record></metadata></record></GetRecord></OAI-PMH>